Minimum Wages Act, 1948: together with states amendments and minimum wages, central rules, 1950 (Record no. 339677)

000 -LEADER
fixed length control field 00495cam a22001337a 4500
008 - FIXED-LENGTH DATA ELEMENTS--GENERAL INFORMATION
fixed length control field 180718b1993 xxu||||| |||| 00| 0 eng d
082 ## - DEWEY DECIMAL CLASSIFICATION NUMBER
Classification number R2203x54 In2
245 ## - TITLE STATEMENT
Title Minimum Wages Act, 1948: together with states amendments and minimum wages, central rules, 1950
260 ## - PUBLICATION, DISTRIBUTION, ETC.
Place of publication, distribution, etc. Lucknow
Name of publisher, distributor, etc. Eastern
Date of publication, distribution, etc. 1993
300 ## - PHYSICAL DESCRIPTION
Extent 76p.
500 ## - GENERAL NOTE
General note Includes labour laws (exemption from furnishing returns and maintaining registers
650 ## - SUBJECT ADDED ENTRY--TOPICAL TERM
Topical term or geographic name entry element India - Laws, Statutes etc
650 ## - SUBJECT ADDED ENTRY--TOPICAL TERM
Topical term or geographic name entry element Wages - Legislation - India
Holdings
Withdrawn status Lost status Damaged status Not for loan Permanent Location Current Location Date acquired Full call number Barcode Date last seen Price effective from Koha item type
        Indian Institute of Public Administration Indian Institute of Public Administration 1993-07-07 R2203x54 In2 66992 2018-07-21 2018-07-21 Book

Powered by Koha